00700nam a2200229 a 450000100100000000500170001000800410002702000150006804000250008308200190010810000250012724500510015226000450020330000170024849000130026550000330027850000400031150400270035165100510037865000280042983000130045700001584120240521193438.0100219s2003 dr 000 0 spa d a9993495301 aDO-SdBNPbspacBNPHU a342.7293bJ82d1 aJorge Prats, Eduardo10aDerecho constitucional /cEduardo Jorge Prats. aSanto Domingo :bGaceta Judicial,c2003. av. ;c27 cm.1 aManuales aIncluye índice analítico aLa bibblioteca posee el volúmen 1 aBibliografía: p. 706 4aRepública DominicanaxDerecho Constitucional 0aDerecho constitucional  0aManuales